| LEADER |
00633nam0a2200193 450 |
| 001 |
16821640 |
| 010 |
|
|
|a 978-2-8129-0194-2
|b br.
|d 19
|
| 100 |
|
|
|a 20101206d2026 u u0frey01 ba
|
| 101 |
0 |
|
|a fre
|
| 102 |
|
|
|a FR
|
| 200 |
0 |
|
|a bois de Bis (Le)
|f Micheline Boussuge
|
| 207 |
|
1 |
|a
|
| 210 |
|
|
|a Romagnat
|c de Borée
|d impr. 2010
|
| 215 |
|
|
|a 1 vol. (312 p.)
|c couv. ill. en coul.
|d 21 cm
|
| 225 |
1 |
|
|a Roman
|x 1769-1788
|
| 700 |
|
0 |
|a Boussuge
|b Micheline
|f 1933-....
|4 70
|
| 900 |
|
|
|a Roman
|
| 901 |
|
|
|a Réserve
|
| 995 |
|
|
|a Bibliothèque
|c Bibliothèque
|f 024015729
|h 024015729
|k R BOU
|o p
|q a
|r az
|u Vérifier la pastille sur la cote
|e Bibliothèque
|